Największe gospodarki świata. - Statystyki

Ogólne statystyki
  • Ten quiz został rozwiązany 1 002 razy
  • Średni wynik to 13 z 15
Statystyki odpowiedzi
Hint Odpowiedź % Poprawnych
20,89 miliardów dolarów USA
100%
14,72 miliardów dolarów Chiny
99%
3,85 miliarda dolarów Niemcy
98%
2,63 miliarda dolarów Francja
96%
1,48 miliarda dolarów Rosja
95%
5,06 miliarda dolarów Japonia
93%
2,66 miliarda dolarów Indie
91%
2,67 miliarda dolarów Wielka Brytania
91%
1,64 miliarda dolarów Kanada
90%
1,28 miliarda dolarów Hiszpania
88%
1,44 miliarda dolarów Brazylia
87%
1,89 miliarda dolarów Włochy
87%
1,32 miliarda dolarów Australia
76%
1,63 miliarda dolarów Korea Południowa
75%
1,05 miliarda dolarów Indonezja
65%
Nie znaleziono quizów pasujących do podanych kryteriów
Rozkład punktacji
Procent ludzi z każdym wynikiem
Percentyl według liczby udzielonych odpowiedzi
Twoja historia wyników
Nie rozwiązałeś tego quizu